Самые крупные города США - Statistics

General Stats
  • This quiz has been taken 14 times
  • The average score is 15 of 38
Answer Stats
Население Город Штат % Correct
7 936 530 Нью-Йорк Нью-Йорк
100%
3 770 958 Лос-Анджелес Калифорния
100%
2 324 082 Хьюстон Техас
100%
684 394 Вашингтон Отсутствует (относится к округу Колумбия)
90%
1 517 114 Филадельфия Пенсильвания
80%
1 302 638 Даллас Техас
80%
767 968 Сан-Франциско Калифорния
80%
2 611 867 Чикаго Иллинойс
70%
1 675 144 Финикс Аризона
70%
1 389 672 Сан-Диего Калифорния
60%
764 753 Сиэтл Вашингтон
60%
670 352 Лас-Вегас Невада
60%
629 830 Детройт Мичиган
60%
1 532 653 Сан-Антонио Техас
50%
639 411 Бостон Массачусетс
50%
989 252 Остин Техас
40%
615 267 Портленд Орегон
40%
874 037 Индианаполис Индиана
30%
715 893 Оклахома-Сити Оклахома
30%
715 891 Денвер Колорадо
30%
526 954 Сакраменто Калифорния
30%
518 107 Атланта Джорджия
30%
1 008 485 Джексонвилл Флорида
20%
917 679 Колумбус Огайо
20%
678 760 Эль-Пасо Техас
20%
607 581 Мемфис Теннесси
20%
557 198 Альбукерке Нью-Мексико
20%
553 293 Балтимор Мэриленд
20%
512 360 Канзас-Сити Миссури
20%
1 015 045 Форт-Уэрт Техас
10%
935 017 Шарлотт Северная Каролина
10%
686 513 Нашвилл Теннесси
10%
550 837 Милуоки Висконсин
10%
943 212 Сан-Хосе Калифорния
0%
617 027 Луисвилл Кентукки
0%
550 306 Тусон Аризона
0%
547 720 Френсо Калифорния
0%
515 486 Меса Аризона
0%
No matching quizzes found
Score Distribution
Percent of People with Each Score
Percentile by Number Answered
Your Score History
You have not taken this quiz